000 00735nam a2200253Ia 4500
008 160319s9999 xx 000 0 und d
020 _a9789715422949
050 _a899.210103
050 _bP552 2001
245 _aPhilippine folk literature :
245 _bthe epics /
245 _ccompiled and edited by Damiana L. Eugenio
260 _aQuezon City :
260 _bUniversity of the Philippines Press,
260 _c2001
300 _alviii, 600 pages :
300 _c23 cm.
440 _aPhilippine folk literature series ;
440 _vvol. 3
500 _aIncludes bibliography and index
650 _aEpic -- Philippines
650 _aFolk literature, Philippines
700 _aEugenio, Damiana L., ed.
999 _c292391
_d292391